[Event "Titled Tue 3rd Jun Early"]
[Site "chess.com INT"]
[Date "2025.06.03"]
[Round "4"]
[White "Jake Shanty"]
[Black "Paravyan, David"]
[Result "1/2-1/2"]
[WhiteTitle "FM"]
[BlackTitle "GM"]
[WhiteElo "2252"]
[BlackElo "2596"]
[WhiteFideId "33478066"]
[BlackFideId "4194985"]
[EventDate "2025.06.03"]

1. Nf3 d5 2. e3 Nf6 3. b3 e6 4. Bb2 Be7 5. d4 O-O 6. Nbd2 b6 7. Bd3 Ba6 8. Bxa6
Nxa6 9. O-O c5 10. Qe2 Nb8 11. c4 Nc6 12. Rfd1 Re8 13. Rac1 Rc8 14. dxc5 Bxc5
15. cxd5 exd5 16. Qd3 Qe7 17. Bxf6 Qxf6 18. Qxd5 Nb4 19. Qd7 Nxa2 20. Ne4 Qe7
21. Qxe7 Rxe7 22. Ra1 Rxe4 23. Rxa2 a5 24. Rad2 g6 25. Rd7 Re7 26. g3 b5 27.
Rd8+ Rxd8 28. Rxd8+ Kg7 29. Rb8 Rd7 30. Rxb5 Rd1+ 31. Kg2 Bb4 32. Nd4 Rb1 33.
Nc6 Be1 34. Ne5 Bc3 35. Nd3 h5 36. h4 Rd1 37. Nf4 Rb1 38. Nd5 Be1 39. Nf4 Bb4
40. Nd3 Rxb3 41. Nxb4 axb4 42. Rb7 Rb1 43. Rb6 b3 44. Kf3 Kf8 45. Rb7 Kg7 46.
Kf4 Rb2 47. f3 Rb1 48. e4 Rb2 49. Rb8 Rb1 50. Rb6 Rb2 51. Rb7 Kf6 52. e5+ Ke6
53. Rb6+ Ke7 54. Rb7+ Ke6 55. Rb6+ Kd5 56. Rb7 Ke6 1/2-1/2

[Event "Titled Tue 3rd Jun Early"]
[Site "chess.com INT"]
[Date "2025.06.03"]
[Round "4"]
[White "Dwilewicz, Katarzyna"]
[Black "Oleksiyenko, Mykhaylo"]
[Result "1-0"]
[WhiteTitle "WFM"]
[BlackTitle "GM"]
[WhiteElo "2207"]
[BlackElo "2569"]
[WhiteFideId "1148486"]
[BlackFideId "4152417"]
[EventDate "2025.06.03"]

1. e4 c5 2. Nc3 e6 3. g3 d5 4. exd5 exd5 5. d4 Nf6 6. Bg2 cxd4 7. Qxd4 Nc6 8.
Qd1 Bb4 9. Ne2 O-O 10. O-O Be6 11. Bg5 h6 12. Bxf6 Qxf6 13. Nxd5 Bxd5 14. Qxd5
Qxb2 15. Qb3 Qa3 16. Rab1 Rab8 17. Qxa3 Bxa3 18. Bxc6 bxc6 19. Nd4 Bc5 20. Nxc6
Rbc8 21. Ne5 Bd6 22. Nd3 Rxc2 23. Rb2 Rfc8 24. Rfb1 Ba3 25. Rxc2 Rxc2 26. Rb8+
Kh7 27. Rb7 a5 28. Rxf7 Rxa2 29. Ra7 Rd2 30. Nf4 Bb4 31. Ne6 Bc3 32. Kg2 Re2 33.
Nf8+ Kg8 34. Ng6 Rxf2+ 35. Kh3 Rf6 36. Ne7+ Kh7 37. Nd5 Bd2 38. Kg4 Rd6 39. Nf4
Rd4 40. h4 Bxf4 41. gxf4 a4 42. h5 Rb4 43. Ra5 Kg8 44. Ra7 Kf8 45. Kf5 Rc4 46.
Ra8+ Ke7 47. Ra7+ Kf8 48. Ra8+ Ke7 49. Ra7+ Kd6 50. Rxg7 Rc5+ 51. Kg6 Ra5 52.
Rb7 a3 53. Rb1 a2 54. Ra1 Ke6 55. f5+ Rxf5 56. Rxa2 Rf6+ 57. Kg7 Rf3 58. Rg2 Ke7
59. Kxh6 Kf7 60. Kg5 1-0

[Event "Titled Tue 3rd Jun Early"]
[Site "chess.com INT"]
[Date "2025.06.03"]
[Round "4"]
[White "Wagner, Dennis"]
[Black "Vasquez Schroeder, Rodrigo"]
[Result "0-1"]
[WhiteTitle "GM"]
[BlackTitle "GM"]
[WhiteElo "2616"]
[BlackElo "2446"]
[WhiteFideId "24650684"]
[BlackFideId "3400042"]
[EventDate "2025.06.03"]

1. e4 e6 2. d4 d5 3. Nc3 Bb4 4. exd5 exd5 5. Bd3 Nc6 6. a3 Ba5 7. Ne2 Nge7 8.
O-O O-O 9. Na4 Bf5 10. Bxf5 Nxf5 11. Qd3 Nd6 12. Nf4 Ne7 13. Bd2 Bxd2 14. Qxd2
Nc4 15. Qb4 b6 16. b3 a5 17. Qe1 Nd6 18. Qe5 Re8 19. Qh5 Ndf5 20. Rad1 Qd7 21.
Nc3 c6 22. Rd3 Ng6 23. Nce2 Re4 24. Rh3 Nh6 25. Rf3 Rae8 26. g3 Rxe2 27. Nxe2
Rxe2 28. Rxf7 Nxf7 29. Qxe2 Nd6 30. Re1 Kf8 31. Qe6 Qd8 32. c4 Ne7 33. c5 bxc5
34. dxc5 Ne4 35. b4 axb4 36. axb4 Ng5 37. Qd6 Qe8 38. Re3 Nf7 39. Qf4 Qd8 40. h4
Ng6 41. Qf5 Ne7 42. Qxh7 Ng8 43. Rf3 Nf6 44. Qg6 Ne5 45. Qf5 Nxf3+ 46. Qxf3 Qd7
47. Kg2 Qg4 48. Qxg4 Nxg4 49. Kf3 Ne5+ 50. Ke3 Ke7 51. f3 Ke6 52. g4 Ng6 53. h5
Ne5 54. g5 Nf7 55. h6 gxh6 56. gxh6 Nxh6 57. Kf4 Nf5 58. Kg4 Nd4 59. Kf4 Nc2 60.
b5 cxb5 61. c6 Nd4 62. c7 Kd7 63. Ke5 Ne6 64. Kxd5 Nxc7+ 65. Kc5 Ke6 66. Kc6 b4
67. Kc5 b3 68. Kd4 b2 69. f4 b1=Q 70. f5+ Qxf5 0-1

[Event "Titled Tue 3rd Jun Early"]
[Site "chess.com INT"]
[Date "2025.06.03"]
[Round "4"]
[White "Huseynova, Lala"]
[Black "Shubhi Gupta"]
[Result "1-0"]
[WhiteTitle "WFM"]
[BlackTitle "WFM"]
[WhiteElo "2123"]
[BlackElo "2187"]
[WhiteFideId "13431781"]
[BlackFideId "25195425"]
[EventDate "2025.06.03"]

1. e4 e5 2. Nf3 Nc6 3. Bb5 a6 4. Ba4 Nf6 5. O-O Be7 6. Re1 b5 7. Bb3 d6 8. c3
O-O 9. d4 exd4 10. cxd4 Bg4 11. Be3 d5 12. e5 Ne4 13. h3 Be6 14. Nbd2 f5 15.
exf6 Nxf6 16. Bf4 Bf5 17. Rc1 Qd7 18. Rxc6 Qxc6 19. Rxe7 Rae8 20. Rxe8 Rxe8 21.
Ne5 Qb6 22. Ndf3 c6 23. Qc1 Rc8 24. Bc2 Bxc2 25. Qxc2 c5 26. Qf5 Rf8 27. dxc5
Qb7 28. Qe6+ Kh8 29. c6 Qa7 30. Nd7 Nxd7 31. cxd7 h6 32. Ne5 Kh7 33. Nc6 Qb6 34.
d8=Q Rxd8 35. Nxd8 Qxd8 36. Qf5+ Kh8 37. Be5 d4 38. Qg6 Qd7 39. Qxh6+ Kg8 40.
Qd2 d3 41. Bc3 Qd5 42. Qe3 Kh7 43. Qd2 Qd6 44. a3 Qd5 45. Bb4 Qe4 46. Qe3 Qc4
47. Bc3 Qd5 48. Qg3 Qd7 49. Qh4+ Kg8 50. Qg5 a5 51. h4 b4 52. axb4 axb4 53. Bxb4
Qb7 54. Bc3 Qd7 55. h5 Kh7 56. Kf1 Qb7 57. Qxg7+ Qxg7 58. Bxg7 d2 59. Ke2 Kxg7 1-0

[Event "Titled Tue 3rd Jun Early"]
[Site "chess.com INT"]
[Date "2025.06.03"]
[Round "4"]
[White "Agarwal, Amaya"]
[Black "Yevchenko, Oleksandr"]
[Result "1-0"]
[WhiteTitle "WCM"]
[BlackTitle "CM"]
[WhiteElo "2004"]
[BlackElo "2276"]
[WhiteFideId "48733580"]
[BlackFideId "14108267"]
[EventDate "2025.06.03"]

1. e4 c5 2. c3 Nf6 3. e5 Nd5 4. d4 cxd4 5. Nf3 Nc6 6. cxd4 d6 7. Bc4 Nb6 8. Bb5
dxe5 9. Nxe5 Bd7 10. Nxd7 Qxd7 11. Nc3 e6 12. O-O Bd6 13. Qg4 O-O-O 14. a4 a6
15. a5 Nd5 16. Bxc6 Qxc6 17. Be3 Nf6 18. Qe2 Kb8 19. Rac1 Qd7 20. Rfd1 Nd5 21.
Nxd5 exd5 22. Qf3 Rhe8 23. Bf4 Re7 24. Bxd6+ Qxd6 25. Re1 Rxe1+ 26. Rxe1 Ka8 27.
Qxf7 g5 28. Qxh7 Rf8 29. f3 Qb4 30. Re7 Qxd4+ 31. Kf1 Qd1+ 32. Re1 Qd3+ 33. Qxd3
Rd8 34. Qxd5 Rxd5 35. Re8+ Ka7 36. Rg8 Rb5 37. b4 Rxb4 38. Rxg5 Rb2 39. h4 Rb4
40. h5 Rh4 41. g3 Rh2 42. Kg1 Ra2 43. h6 Ra1+ 44. Kg2 Ra2+ 45. Kh3 Ra1 46. Kg4
Rh1 47. Rh5 Re1 48. h7 Re8 49. h8=Q Rxh8 50. Rxh8 b6 51. Rh5 Kb7 52. axb6 Kxb6
53. Rh6+ Kb5 54. Rxa6 Kxa6 55. Kf5 Kb5 56. g4 Kc4 57. g5 Kd3 58. Kf6 Ke3 59. g6
Kxf3 60. g7 Kf2 61. g8=Q Kf1 62. Kf5 Ke2 63. Qg3 1-0

[Event "Titled Tue 3rd Jun Early"]
[Site "chess.com INT"]
[Date "2025.06.03"]
[Round "4"]
[White "Shevchenko, Yaroslav"]
[Black "Lymar, Vladislav"]
[Result "1-0"]
[BlackTitle "CM"]
[WhiteElo "2137"]
[BlackElo "2216"]
[WhiteFideId "34144684"]
[BlackFideId "14162180"]
[EventDate "2025.06.03"]

1. e4 c5 2. Nf3 Nc6 3. Bb5 e5 4. O-O Nge7 5. c3 g6 6. d4 cxd4 7. cxd4 exd4 8.
Nxd4 Bg7 9. Be3 O-O 10. Nc3 d5 11. exd5 Nb4 12. d6 Qxd6 13. Nc6 Ned5 14. Nxd5
bxc6 15. Nxb4 Qxd1 16. Raxd1 cxb5 17. Bd4 Be6 18. a3 a5 19. Nc6 a4 20. Rfe1 Bb3
21. Rd2 Rfe8 22. Ne7+ Kf8 23. Bc5 Rxe7 24. Rxe7 Kg8 25. Red7 Bf6 26. Bd4 Bg5 27.
Be3 Bf6 28. R2d6 Bxb2 29. Rd8+ Rxd8 30. Rxd8+ Kg7 31. Bd4+ Bxd4 32. Rxd4 Kf6 33.
Rd7 Ke5 34. f3 Be6 35. Rd3 Bc4 36. Rd2 Bd5 37. Kf2 Kd6 38. Ke3 Kc5 39. Rd4 g5
40. g4 h6 41. f4 Be6 42. f5 Bd5 43. Rd2 Kc4 44. Rd4+ Kc5 45. Kd3 Bf3 46. Kc3 Be2
47. Rd7 Bxg4 48. Rxf7 Kd5 49. Kb4 Be2 50. Re7 Bd3 51. f6 Kd6 52. Re3 Bc4 53. Rf3
Bf7 54. Kxb5 g4 55. Rf2 h5 56. Kxa4 Ke5 57. Kb5 h4 58. a4 Be8+ 59. Kb4 g3 60.
hxg3 hxg3 61. f7 1-0

[Event "Titled Tue 3rd Jun Early"]
[Site "chess.com INT"]
[Date "2025.06.03"]
[Round "4"]
[White "Chaulagain, Purusottam"]
[Black "Ishvi, Aggarwal"]
[Result "1-0"]
[WhiteTitle "CM"]
[BlackTitle "WCM"]
[WhiteElo "1898"]
[BlackElo "1954"]
[WhiteFideId "12300730"]
[BlackFideId "25728890"]
[EventDate "2025.06.03"]

1. d4 Nf6 2. Nc3 d5 3. Bf4 a6 4. e3 e6 5. g4 c5 6. g5 Ne4 7. Nxe4 dxe4 8. Qd2
Nc6 9. Bg2 cxd4 10. exd4 Qxd4 11. O-O-O Qxd2+ 12. Rxd2 e5 13. Be3 Bf5 14. Ne2
Be7 15. Ng3 Be6 16. Nxe4 O-O 17. Kb1 Rfd8 18. Rhd1 Bf5 19. Bb6 Rxd2 20. Nxd2
Bxg5 21. Nc4 Nb4 22. Rg1 Nxc2 23. Bxb7 Rb8 24. Rxg5 Na3+ 25. Ka1 Nxc4 26. Rxf5
Nxb6 27. Bxa6 f6 28. Rf3 Ra8 29. Bb7 Ra7 30. Bc6 Rc7 31. Rc3 Kf8 32. b3 Ke7 33.
Kb2 Kd6 34. Be4 Rxc3 35. Kxc3 g6 36. a4 f5 37. Bb7 Kc7 38. Bg2 e4 39. Kd4 Kd6
40. a5 Na8 41. f3 exf3 42. Bxf3 Nc7 43. b4 g5 44. h3 h6 45. Be2 Ne6+ 46. Ke3 f4+
47. Ke4 Nc7 48. b5 Kc5 49. b6 Ne8 50. Ke5 Nd6 51. Bf3 Nb7 52. Bxb7 Kb5 53. Bc8
Kxa5 54. b7 f3 55. b8=Q f2 56. Qb1 f1=Q 57. Qxf1 g4 58. Bd7 h5 59. Qb5# 1-0

[Event "Titled Tue 3rd Jun Early"]
[Site "chess.com INT"]
[Date "2025.06.03"]
[Round "4"]
[White "El Zein, Zayne-Eddine"]
[Black "Karttunen, Mika"]
[Result "1-0"]
[WhiteTitle "CM"]
[BlackTitle "IM"]
[WhiteElo "2146"]
[BlackElo "2490"]
[WhiteFideId "5313210"]
[BlackFideId "502081"]
[EventDate "2025.06.03"]

1. e4 c5 2. Nf3 d6 3. g3 Nf6 4. d3 e5 5. Bg2 h6 6. O-O Nc6 7. Nc3 g6 8. Nd2 Bg7
9. Nc4 a6 10. a4 Ne7 11. Nd5 Nfxd5 12. exd5 h5 13. h4 Bg4 14. Qe1 O-O 15. a5 Kh7
16. Ra3 Rb8 17. Rb3 Qc7 18. Bg5 f6 19. Be3 Bd7 20. Qa1 Nf5 21. Rb6 Bb5 22. Be4
Bxc4 23. dxc4 Ne7 24. Bd3 f5 25. Bg5 Nc8 26. Rb3 e4 27. Be2 b6 28. axb6 Rxb6 29.
Rxb6 Qxb6 30. c3 Rf7 31. Rb1 Rb7 32. Qa4 Ne7 33. Qe8 Ng8 34. Bxh5 gxh5 35. Qxh5+
Bh6 36. Bf4 Kg7 37. Qxf5 Bxf4 38. Qxf4 Qd8 39. Qg4+ Kf8 40. Qxe4 Re7 41. Qf3+
Rf7 42. Qe3 Nf6 43. Qh6+ Kg8 44. Qg5+ Rg7 45. Qf5 Qe7 46. Ra1 Ng4 47. Rxa6 Nf6
48. Ra8+ Kf7 49. Rb8 Qe1+ 50. Kg2 Qe4+ 51. Qxe4 Nxe4 52. Rb7+ Kf6 53. Rxg7 Kxg7
54. Kf3 Nd2+ 55. Kf4 Nxc4 56. Kf5 Nxb2 57. Ke6 Nc4 58. f4 Ne3 59. Kxd6 Nf5+ 60.
Kxc5 Nxg3 61. Kd6 Kf7 62. h5 Ne4+ 63. Ke5 Nxc3 64. d6 Na4 65. h6 Nc5 66. h7 Nd7+
67. Kd5 Kg7 68. Kc6 Nf6 69. d7 Nxd7 70. Kxd7 Kxh7 71. Ke6 Kg7 72. f5 Kf8 73. Kf6
Ke8 74. Kg7 1-0

[Event "Titled Tue 3rd Jun Early"]
[Site "chess.com INT"]
[Date "2025.06.03"]
[Round "4"]
[White "Safin Safarullakhan"]
[Black "Bozorov, Javohir"]
[Result "0-1"]
[WhiteTitle "CM"]
[BlackTitle "FM"]
[WhiteElo "2109"]
[BlackElo "2093"]
[WhiteFideId "33379475"]
[BlackFideId "14216957"]
[EventDate "2025.06.03"]

1. e4 c5 2. Nf3 d6 3. d4 cxd4 4. Nxd4 Nf6 5. Nc3 a6 6. f3 e5 7. Nb3 Be6 8. Be3
Nc6 9. Qd2 d5 10. exd5 Nxd5 11. Nxd5 Qxd5 12. Qxd5 Bxd5 13. O-O-O O-O-O 14. Bb6
Rd7 15. Bd3 g6 16. Rhe1 f6 17. h4 Nb4 18. Kb1 Nxd3 19. Rxd3 Bxb3 20. Rxb3 Be7
21. a4 Bd8 22. Ba7 Bc7 23. Ree3 Rhd8 24. Rec3 Rd1+ 25. Ka2 R8d7 26. Rc4 R1d6 27.
a5 Re6 28. Rbc3 Kd8 29. b4 f5 30. Kb3 e4 31. fxe4 fxe4 32. Re3 Rde7 33. Bc5 Re8
34. g4 Bf4 35. Bb6+ Kd7 36. Re1 Bg3 37. Rd1+ Rd6 38. Rg1 Bh2 39. Rg2 Bf4 40. Bc7
e3 41. Bxd6 Bxd6 42. Re2 Bg3 43. Rd4+ Kc6 44. Rd3 Bf2 45. h5 Re4 46. hxg6 hxg6
47. g5 Re5 48. Rc3+ Kd6 49. Rc5 Rxc5 50. bxc5+ Kxc5 51. c4 Kd4 52. Kb4 Kd3 53.
Ra2 e2 0-1

[Event "Titled Tue 3rd Jun Early"]
[Site "chess.com INT"]
[Date "2025.06.03"]
[Round "4"]
[White "Sharshenbekov, Emir"]
[Black "Keneshbekov, Elim"]
[Result "0-1"]
[WhiteTitle "CM"]
[BlackTitle "CM"]
[WhiteElo "2091"]
[BlackElo "1867"]
[WhiteFideId "13810634"]
[BlackFideId "13816772"]
[EventDate "2025.06.03"]

1. e4 c5 2. Nf3 d6 3. Bb5+ Nd7 4. O-O Nf6 5. Re1 a6 6. Bf1 g6 7. c3 Bg7 8. d4
cxd4 9. cxd4 O-O 10. Nc3 e5 11. h3 h6 12. Be3 Qe7 13. a4 exd4 14. Bxd4 Ne5 15.
Be2 Bd7 16. b4 Nc6 17. Bxf6 Qxf6 18. Rc1 Nxb4 19. Qd2 a5 20. Red1 Bc6 21. Bc4
Rae8 22. Re1 h5 23. Nd5 Bxd5 24. Bxd5 b6 25. Rc7 Nxd5 26. Qxd5 Rc8 27. Rec1 Rxc7
28. Rxc7 Qe6 29. Qxe6 fxe6 30. Ng5 Bd4 31. Nxe6 Bxf2+ 32. Kh2 Rf6 33. Ng5 Bd4
34. Nf3 Bc5 35. Kg3 Rf7 36. Rc8+ Kg7 37. Ng5 Re7 38. Kf4 Bb4 39. Nf3 Bc5 40. g4
hxg4 41. hxg4 Rf7+ 42. Kg3 Re7 43. Kf4 Rf7+ 44. Kg3 Rd7 45. Ng5 d5 46. exd5 Rxd5
47. Ne6+ Kf6 48. Nf4 Bd6 49. Rc6 Rd4 50. Kh3 Rxf4 51. Rxd6+ Kg5 52. Rxb6 Rxa4
53. Rb5+ Kf4 54. Rb6 Ra3+ 55. Kg2 g5 56. Rb5 Kxg4 57. Rc5 Ra2+ 58. Kg1 Kh4 59.
Rc3 g4 60. Rc4 Kh3 61. Rc7 a4 62. Rb7 a3 63. Rb3+ g3 64. Rb1 Rb2 65. Rf1 a2 0-1

[Event "Titled Tue 3rd Jun Early"]
[Site "chess.com INT"]
[Date "2025.06.03"]
[Round "4"]
[White "Karvatskyi, Oleksii"]
[Black "Weetik, Vjacheslav"]
[Result "1-0"]
[WhiteTitle "CM"]
[BlackTitle "FM"]
[WhiteElo "2248"]
[BlackElo "2423"]
[WhiteFideId "14191059"]
[BlackFideId "4153472"]
[EventDate "2025.06.03"]

1. Nc3 g6 2. h4 Nf6 3. e4 d6 4. d4 Nc6 5. Bg5 Bg7 6. Nf3 Bg4 7. Be2 Nd7 8. Be3
Bxf3 9. Bxf3 e5 10. d5 Nd4 11. Bxd4 exd4 12. Ne2 Qf6 13. h5 Ne5 14. h6 Nxf3+ 15.
gxf3 Qxf3 16. hxg7 Qxh1+ 17. Kd2 Qh6+ 18. Kd3 Qxg7 19. Nxd4 O-O-O 20. c4 Rde8
21. Qa4 a6 22. b4 f5 23. f3 fxe4+ 24. fxe4 Rhf8 25. b5 Rf3+ 26. Nxf3 Qxa1 27.
bxa6 Qb1+ 28. Kd2 Qb2+ 29. Ke3 Qc3+ 30. Kf2 Qb2+ 31. Kg3 b5 32. a7 bxa4 33.
a8=Q+ Kd7 34. Qxa4+ Ke7 35. Qc6 Qb6 36. Qa4 Rf8 37. e5 Qe3 38. exd6+ cxd6 39.
Qd1 Qf4+ 40. Kf2 Qxc4 41. Qe1+ Kd8 42. Qa5+ Qc7 43. Qa8+ Ke7 44. Qa4 Qc5+ 45.
Kg3 Qxd5 46. Qh4+ Rf6 47. Qxh7+ Qf7 48. Qh1 Qe6 49. Qh7+ Kd8 50. Qh8+ Kc7 51.
Qh1 Qe4 52. Qc1+ Kd7 53. Qc3 Qf4+ 54. Kg2 Qg4+ 55. Kf2 Rf5 56. Qg7+ Kc6 57. Qc3+
Rc5 58. Qd3 Qf4 59. Kg2 Rd5 60. Qa6+ Kd7 61. Qb7+ Ke6 62. Qc8+ Kf7 63. Qb7+ Ke6
64. Qc8+ Kf6 65. Qf8+ Ke6 66. Qxf4 1-0

[Event "Titled Tue 3rd Jun Early"]
[Site "chess.com INT"]
[Date "2025.06.03"]
[Round "4"]
[White "Shandrygin, Nikita"]
[Black "Punin, Andrii"]
[Result "1/2-1/2"]
[WhiteTitle "FM"]
[BlackTitle "FM"]
[WhiteElo "2209"]
[BlackElo "2289"]
[WhiteFideId "24198668"]
[BlackFideId "14112639"]
[EventDate "2025.06.03"]

1. e4 d5 2. exd5 Qxd5 3. Nf3 Bg4 4. Be2 Nc6 5. h3 Bxf3 6. Bxf3 Qe6+ 7. Qe2 Nd4
8. Qxe6 Nxf3+ 9. gxf3 fxe6 10. d4 Nf6 11. O-O g6 12. Re1 Kd7 13. Nd2 Bg7 14. c3
Rhf8 15. Kg2 Nd5 16. Ne4 b6 17. Ng5 Nf4+ 18. Bxf4 Rxf4 19. Nxe6 Rf7 20. d5 Bf6
21. Re4 a5 22. Rd1 g5 23. Rd3 h6 24. b3 Rh7 25. c4 Kd6 26. f4 gxf4 27. Rxf4 Rhh8
28. Rg4 Rhg8 29. Rdg3 Rxg4 30. Rxg4 c6 31. Nf4 b5 32. dxc6 bxc4 33. bxc4 Kxc6
34. Rg6 Kc5 35. Nh5 Be5 36. Rxh6 Kxc4 37. Ng3 Kb4 38. Re6 Bb2 39. Re3 a4 40. Nf5
e5 41. h4 Rf8 42. Ng3 Bd4 43. Re2 Ka3 44. h5 Bb2 45. Ne4 Rc8 46. h6 Kxa2 47. h7
Kb3 48. Ng5 Rh8 49. Re3+ Kc2 50. Rh3 a3 51. Nf7 Rxh7 52. Rxh7 a2 53. Rh1 Bc1 54.
Nxe5 a1=Q 55. Nf3 Qa8 56. Rh3 Qe4 57. Rg3 Kd1 58. Kf1 Bf4 59. Rh3 Qg6 60. Ng1
Qa6+ 61. Kg2 Qc6+ 62. Rf3 Qd5 63. Kf1 Qc4+ 64. Kg2 Qe4 65. Kh3 Qf5+ 66. Kg2 Qe4
67. Kh3 Qf5+ 68. Kg2 Qe4 1/2-1/2

[Event "Titled Tue 3rd Jun Early"]
[Site "chess.com INT"]
[Date "2025.06.03"]
[Round "4"]
[White "Ersoz, Teoman Guney"]
[Black "Diachek, Andrii"]
[Result "0-1"]
[WhiteTitle "CM"]
[BlackTitle "CM"]
[WhiteElo "2090"]
[BlackElo "2226"]
[WhiteFideId "44537050"]
[BlackFideId "34106499"]
[EventDate "2025.06.03"]

1. d4 Nf6 2. Nc3 d5 3. Bg5 Nbd7 4. f3 c5 5. e4 cxd4 6. Qxd4 e5 7. Qa4 dxe4 8.
O-O-O h6 9. Bxf6 Qxf6 10. Nd5 Qd8 11. fxe4 Bd6 12. Nf3 O-O 13. Nc3 Nc5 14. Qc4
Be6 15. Nd5 Rc8 16. Be2 a6 17. Kb1 b5 18. Qc3 Nxe4 19. Qe3 Bxd5 20. Rxd5 Nf6 21.
Rd2 e4 22. Nd4 Qc7 23. Rhd1 Bf4 24. Qh3 Bxd2 25. Rxd2 Rfd8 26. a3 Qf4 27. Rd1 e3
28. c3 Ne4 29. Qf3 Nd2+ 30. Rxd2 Qxf3 31. Nxf3 exd2 32. Kc2 Re8 33. Bd3 Rcd8 34.
Nxd2 Re3 35. Bf1 Re1 36. Bd3 Re3 37. Bf1 f5 38. a4 Re5 39. axb5 axb5 40. b4 Kf7
41. Nb3 Ke6 42. Nd4+ Rxd4 43. cxd4 Re4 44. Kd3 Kd5 45. Be2 Rxd4+ 46. Kc3 Ke5 47.
Bxb5 Rd1 48. Be2 Rc1+ 49. Kb3 Rc7 50. b5 Kd6 51. Kb4 Re7 52. Bf3 Kc7 53. Ka5 Re6
54. Kb4 g5 55. Kc4 g4 56. Bd5 Rf6 57. Kc5 f4 58. Kd4 f3 59. gxf3 gxf3 60. Ke3 f2
61. b6+ Kxb6 62. Bg2 f1=Q 63. Bxf1 Rxf1 64. Ke4 Rf8 65. Ke5 Kc5 66. Ke6 Kd4 67.
Ke7 Rf1 68. Ke6 Ke3 69. h4 Rf4 70. h5 Kf3 71. Ke5 Kg4 72. Ke6 Rf1 73. Ke5 Kxh5
74. Ke4 Kg4 75. Ke5 h5 76. Ke4 h4 77. Ke3 Rf8 78. Ke2 h3 79. Ke1 h2 80. Ke2 h1=Q
81. Ke3 Qf1 82. Kd4 Rf2 83. Kd5 Re2 84. Kc5 Qd1 85. Kb4 Rc2 86. Kb3 Qb1+ 87. Ka3
Ra2# 0-1

[Event "Titled Tue 3rd Jun Early"]
[Site "chess.com INT"]
[Date "2025.06.03"]
[Round "4"]
[White "Przybylski, Bartosz"]
[Black "Donoso Aguirre, Maximiliano"]
[Result "1-0"]
[WhiteTitle "CM"]
[BlackTitle "CM"]
[WhiteElo "2107"]
[BlackElo "2002"]
[WhiteFideId "21878323"]
[BlackFideId "3458920"]
[EventDate "2025.06.03"]

1. d4 d5 2. Nc3 Nf6 3. Bf4 a6 4. e3 Bf5 5. Bd3 Bxd3 6. Qxd3 e6 7. Nf3 Nbd7 8.
O-O-O c5 9. e4 cxd4 10. Qxd4 Bc5 11. Qd3 dxe4 12. Nxe4 Nd5 13. Bd6 Qb6 14. Bxc5
Nxc5 15. Nxc5 Qxc5 16. Rhe1 O-O 17. Ng5 Nf6 18. Ne4 Nxe4 19. Rxe4 Qxf2 20. Rg4
Qf6 21. Rf1 Qh6+ 22. Kb1 Rad8 23. Qg3 Rd5 24. a3 Rfd8 25. Ka2 g6 26. Rgf4 R5d7
27. h4 Qg7 28. c3 h5 29. Rf6 Rc8 30. Qf3 Rcd8 31. g4 hxg4 32. Qxg4 Rd5 33. Rxf7
Qxf7 34. Rxf7 Kxf7 35. Qf4+ Kg7 36. h5 gxh5 37. Qg3+ Kf7 38. Qh3 Rf5 39. Qg2 Rd7
40. Qg3 Ke7 41. Qg7+ Kd8 42. Qg8+ Ke7 43. Qh7+ Kd6 44. Qh6 Rdf7 45. Qd2+ Ke7 46.
a4 Kf6 47. Qh6+ Ke5 48. b4 Ke4 49. Kb3 Kf3 50. Qxe6 h4 51. Qh6 Kg4 52. Qg6+ Kf3
53. a5 h3 54. Qh6 Kg2 55. Qd2+ Rf2 56. Qd5+ Kg3 57. Qg5+ Kh2 58. Qe5+ Kg1 59.
Qg3+ Rg2 60. Qxh3 Rgf2 61. Qg3+ Kf1 62. Qd3+ Kg1 63. b5 R2f5 64. bxa6 Rxa5 65.
Qd4+ Kf1 66. Qc4+ 1-0

[Event "Titled Tue 3rd Jun Early"]
[Site "chess.com INT"]
[Date "2025.06.03"]
[Round "4"]
[White "Sickmann, Lisa"]
[Black "Torres Rebolledo, Alvaro"]
[Result "1/2-1/2"]
[WhiteTitle "WFM"]
[BlackTitle "FM"]
[WhiteElo "1970"]
[BlackElo "2336"]
[WhiteFideId "16267818"]
[BlackFideId "54587670"]
[EventDate "2025.06.03"]

1. d4 Nf6 2. c4 b6 3. Nc3 Bb7 4. Qc2 d5 5. cxd5 Nxd5 6. Nf3 e6 7. e4 Nxc3 8.
bxc3 c5 9. Bb5+ Nd7 10. Ne5 Bc8 11. Bc6 Rb8 12. Qa4 Bd6 13. Qxa7 Bxe5 14. dxe5
O-O 15. O-O b5 16. Rd1 Qb6 17. Qxb6 Rxb6 18. Bxd7 Rd8 19. Ba3 Rxd7 20. Bxc5 Rc6
21. Rxd7 Bxd7 22. Rd1 Rxc5 23. Rxd7 g5 24. Rd3 Rxe5 25. f3 Rc5 26. Kf2 Kg7 27.
Ke3 Kf6 28. Kd4 Rc4+ 29. Ke3 Ke5 30. g3 Ra4 31. f4+ Kf6 32. Rd2 Ra3 33. Kd4 Ra4+
34. Kd3 h5 35. h4 gxf4 36. gxf4 e5 37. f5 Ra8 38. Rb2 Kg7 39. Rxb5 Rxa2 40. Rxe5
Rh2 41. f6+ Kh6 42. Re7 Kg6 43. e5 Rxh4 44. e6 Kxf6 45. Rxf7+ Kxe6 46. Rh7 Ke5
47. c4 Rh3+ 48. Kc2 Kd4 49. Rc7 Rc3+ 50. Kd2 Ra3 51. Ke2 h4 52. Kf2 Ke4 53. Kg2
Kf4 54. Rh7 Kg4 55. Rg7+ Kh5 56. Rh7+ Kg5 57. c5 Rc3 58. Rg7+ Kh6 59. Rc7 Kh5
60. c6 Rc2+ 61. Kh3 Rc3+ 62. Kg2 Kg6 63. Rc8 Kg7 64. c7 Kh7 65. Kh2 Kg7 66. Kg2
h3+ 67. Kh2 Kh7 68. Kh1 Rc2 69. Kg1 h2+ 70. Kh1 Kg7 71. Ra8 Rxc7 72. Kxh2 Kg6
73. Kg3 Rc3+ 74. Kf4 Rc1 75. Ke4 Rh1 76. Ke3 Rh3+ 77. Kf4 Rh4+ 78. Kg3 Rb4 79.
Kf3 Rb3+ 1/2-1/2

[Event "Titled Tue 3rd Jun Early"]
[Site "chess.com INT"]
[Date "2025.06.03"]
[Round "4"]
[White "De Sousa, Antonio Micaias Silva"]
[Black "Moro Saidon, Gonzalo"]
[Result "1/2-1/2"]
[WhiteElo "2007"]
[BlackElo "2100"]
[WhiteFideId "22798528"]
[BlackFideId "140082"]
[EventDate "2025.06.03"]

1. e4 e5 2. Nf3 Nc6 3. Bb5 g6 4. c3 a6 5. Ba4 Bg7 6. d4 exd4 7. cxd4 b5 8. Bb3
Nge7 9. Nc3 O-O 10. O-O d6 11. h3 Na5 12. Bc2 c5 13. Bg5 h6 14. Bf4 Nc4 15. Rb1
Nc6 16. dxc5 dxc5 17. Nd5 Nxb2 18. Qc1 Nc4 19. Bxh6 Be6 20. Bxg7 Kxg7 21. Rd1
Bxd5 22. exd5 Nb4 23. Bb3 Nd6 24. Qxc5 a5 25. a3 Na6 26. Qd4+ Qf6 27. Qd2 Nc5
28. Bc2 a4 29. Rb4 Rfe8 30. Bd3 Nxd3 31. Qxd3 Rac8 32. Nd4 Rc5 33. Nxb5 Nxb5 34.
Rxb5 Rc3 35. Qd2 Rxa3 36. d6 Rb3 37. d7 Rd8 38. Ra5 Rb2 39. Qd4 Qxd4 40. Rxd4
Rb7 41. Raxa4 Rbxd7 42. Rxd7 Rxd7 43. Kh2 Rd3 44. f3 Rd2 45. Kg3 Rb2 46. Re4 Rc2
47. Re1 Rb2 48. Kh2 Rc2 49. Kg1 Rb2 50. Rf1 Rc2 51. Rf2 Rc1+ 52. Kh2 Rc3 53. f4
Rb3 54. Re2 Ra3 55. Kg1 Rb3 56. Kf2 Ra3 57. Re3 Ra2+ 58. Kf3 Rb2 59. g4 Rh2 60.
Kg3 Rb2 61. Rf3 Rb4 62. f5 g5 63. f6+ Kg6 64. h4 gxh4+ 65. Kxh4 Rb6 66. Kg3 Rxf6
67. Rxf6+ Kxf6 68. Kf4 Kg6 69. g5 f6 70. gxf6 Kxf6 1/2-1/2